| 000 | 00868nac a22002051u 4500 | ||
|---|---|---|---|
| 010 | _a83080186 | ||
| 020 | _a0801830354 | ||
| 082 | 0 | 0 |
_a338.2728209174927 _bS2749 |
| 090 |
_c1712 _d1712 |
||
| 100 | _aSayigh, Yusif Abdullah | ||
| 245 | 1 | 0 |
_aArab oil policies in the 1970s : _bopportunity and responsibility / _cYusif A. Sayigh. |
| 260 |
_aBaltimore, Md. : _bJohns Hopkins University Press, _c1983. |
||
| 300 |
_axiii, 271 p. ; _c23 cm. |
||
| 500 | _aDonations | ||
| 500 | _aDonations - Dr. Mostafa Gouda | ||
| 504 | _aIncludes bibliographical references and index. | ||
| 650 | 0 |
_aPetroleum industry and trade _xGovernment policy _zArab countries. |
|
| 942 |
_cBB _k338.2728209174927S2749 |
||
| 999 |
_c1712 _d1712 |
||